<?xml version="1.0" encoding="UTF-8"?>
<record
    xmlns:xsi="http://www.w3.org/2001/XMLSchema-instance"
    xsi:schemaLocation="http://www.loc.gov/MARC21/slim http://www.loc.gov/standards/marcxml/schema/MARC21slim.xsd"
    xmlns="http://www.loc.gov/MARC21/slim">

  <leader>01185naa a22002057i 4500</leader>
  <controlfield tag="003">KOSZ 005</controlfield>
  <controlfield tag="005">20180216143137.0</controlfield>
  <controlfield tag="008">160308s2008    pl  ||||| ||||1|| 0 pol  </controlfield>
  <datafield tag="035" ind1=" " ind2=" ">
    <subfield code="a">PBN-R:251927</subfield>
  </datafield>
  <datafield tag="040" ind1=" " ind2=" ">
    <subfield code="c">KOSZ 005/md</subfield>
    <subfield code="a">PBN-ID</subfield>
  </datafield>
  <datafield tag="041" ind1="0" ind2=" ">
    <subfield code="a">pol</subfield>
  </datafield>
  <datafield tag="100" ind1=" " ind2=" ">
    <subfield code="a">KUKIE&#x141;KA, Leon.</subfield>
    <subfield code="d">1996 - .</subfield>
    <subfield code="b">Politechnika Koszali&#x144;ska - Wydzia&#x142; Mechaniczny,</subfield>
    <subfield code="c">Katedra Mechaniki Technicznej i Wytrzyma&#x142;o&#x15B;ci Materia&#x142;&#xF3;w</subfield>
  </datafield>
  <datafield tag="245" ind1="1" ind2="0">
    <subfield code="a">Analiza mo&#x17C;liwo&#x15B;ci sterowania rozk&#x142;adem napr&#x119;&#x17C;e&#x144; w warstwie wierzchniej wyrobu nagniatanego tocznie /</subfield>
    <subfield code="c">Leon Kukie&#x142;ka, Rados&#x142;aw Patyk, Sylwia Patyk.</subfield>
  </datafield>
  <datafield tag="260" ind1=" " ind2=" ">
    <subfield code="c">2008.</subfield>
  </datafield>
  <datafield tag="655" ind1=" " ind2="0">
    <subfield code="a">Materia&#x142;y konferencyjne.</subfield>
  </datafield>
  <datafield tag="700" ind1=" " ind2=" ">
    <subfield code="a">PATYK, Rados&#x142;aw.</subfield>
    <subfield code="d">2007 - .</subfield>
    <subfield code="b">Politechnika Koszali&#x144;ska - Wydzia&#x142; Mechaniczny</subfield>
    <subfield code="c">Katedra Mechaniki Technicznej i Wytrzyma&#x142;o&#x15B;ci Materia&#x142;&#xF3;w</subfield>
  </datafield>
  <datafield tag="773" ind1="0" ind2="8">
    <subfield code="i">W :</subfield>
    <subfield code="t">Wsp&#xF3;&#x142;czesne problemy w technologii obr&#xF3;bki przez nagniatanie : praca zbiorowa. T. 2 / pod red. W&#x142;odzimierza Przybylskiego. -</subfield>
    <subfield code="d">Gda&#x144;sk : Wydzia&#x142; Mechaniczny Politechniki Gda&#x144;skiej, 2008. -</subfield>
    <subfield code="z">9788388579325</subfield>
  </datafield>
  <datafield tag="711" ind1=" " ind2=" ">
    <subfield code="a">Konferencja Naukowa "Technologia Obr&#xF3;bki przez Nagniatanie"</subfield>
    <subfield code="n">(10 ;</subfield>
    <subfield code="d">2008 ;</subfield>
    <subfield code="c">Sopot, Polska).</subfield>
    <subfield code="p">TON'2008</subfield>
  </datafield>
  <datafield tag="942" ind1=" " ind2=" ">
    <subfield code="c">ROZ</subfield>
    <subfield code="2">UKD</subfield>
  </datafield>
  <datafield tag="999" ind1=" " ind2=" ">
    <subfield code="c">8185</subfield>
    <subfield code="d">8185</subfield>
  </datafield>
</record>
